Kuruluş ve kurtuluşun beşiği Ertuğrul Gazi ocağı : (Record no. 200461286)
[ view plain ]
| 000 -LEADER | |
|---|---|
| fixed length control field | 00940nam a2200301 a 4500 |
| 001 - CONTROL NUMBER | |
| control field | 200461286 |
| 003 - CONTROL NUMBER IDENTIFIER | |
| control field | TR-AnTOB |
| 005 - DATE AND TIME OF LATEST TRANSACTION | |
| control field | 20241129154616.0 |
| 007 - PHYSICAL DESCRIPTION FIXED FIELD--GENERAL INFORMATION | |
| fixed length control field | ta |
| 008 - FIXED-LENGTH DATA ELEMENTS--GENERAL INFORMATION | |
| fixed length control field | 240626s2001 tu a 000 0 tur d |
| 040 ## - CATALOGING SOURCE | |
| Original cataloging agency | TR-AnTOB |
| Language of cataloging | eng |
| Description conventions | rda |
| Transcribing agency | TR-AnTOB |
| 041 ## - LANGUAGE CODE | |
| Language code of text/sound track or separate title | Türkçe |
| 050 #4 - LIBRARY OF CONGRESS CALL NUMBER | |
| Classification number | DS51.S64 |
| Item number | K87 |
| 090 ## - LOCALLY ASSIGNED LC-TYPE CALL NUMBER (OCLC); LOCAL CALL NUMBER (RLIN) | |
| Classification number (OCLC) (R) ; Classification number, CALL (RLIN) (NR) | DS51.S64 |
| Local cutter number (OCLC) ; Book number/undivided call number, CALL (RLIN) | K87 2001 |
| 245 00 - TITLE STATEMENT | |
| Title | Kuruluş ve kurtuluşun beşiği Ertuğrul Gazi ocağı : |
| Remainder of title | Söğüt / |
| 246 30 - VARYING FORM OF TITLE | |
| Title proper/short title | Söğüt |
| 264 #1 - PRODUCTION, PUBLICATION, DISTRIBUTION, MANUFACTURE, AND COPYRIGHT NOTICE | |
| Place of production, publication, distribution, manufacture | Bilecik : |
| Name of producer, publisher, distributor, manufacturer | Bilecik Söğüt Belediyesi, |
| Date of production, publication, distribution, manufacture, or copyright notice | 2001. |
| 300 ## - PHYSICAL DESCRIPTION | |
| Extent | 103 pages : |
| Other physical details | color illustrations, maps ; |
| Dimensions | 31 cm |
| 336 ## - CONTENT TYPE | |
| Content type term | text |
| Content type code | txt |
| Source | rdacontent |
| 337 ## - MEDIA TYPE | |
| Media type term | unmediated |
| Media type code | n |
| Source | rdamedia |
| 338 ## - CARRIER TYPE | |
| Carrier type term | volume |
| Carrier type code | n |
| Source | rdacarrier |
| 504 ## - BIBLIOGRAPHY, ETC. NOTE | |
| Bibliography, etc. note | Includes bibliographical references. |
| 651 #7 - SUBJECT ADDED ENTRY--GEOGRAPHIC NAME | |
| Geographic name | Söğüt (Bilecik, Türkiye) |
| General subdivision | Sosyal yaşam ve gelenekler |
| 9 (RLIN) | 145916 |
| Geographic name | Söğüt (Bilecik, Türkiye) |
| General subdivision | Tarih |
| Source of heading or term | etuturkob |
| 9 (RLIN) | 145891 |
| 942 ## - ADDED ENTRY ELEMENTS (KOHA) | |
| Source of classification or shelving scheme | Library of Congress Classification |
| Koha item type | Book |
| 945 ## - LOCAL PROCESSING INFORMATION (OCLC) | |
| a | .i17291781 |
| Withdrawn status | Lost status | Source of classification or shelving scheme | Not for loan | Collection code | Home library | Current library | Shelving location | Date acquired | Source of acquisition | Inventory number | Total Checkouts | Full call number | Barcode | Date last seen | Date shelved | Koha item type |
|---|---|---|---|---|---|---|---|---|---|---|---|---|---|---|---|---|
| Other/Generic Classification Scheme | Ödünç Verilemez-Kurumiçi kullanım / Not for loan-For inhouse use | Genel Koleksiyon | Tıp Fakültesi Medikal Kütüphane | Tıp Fakültesi Medikal Kütüphane | Genel Koleksiyon / Main Collection | 05/06/2024 | Bağış / Donation | TAR | DS51.S64 K87 2001 TıpFaK | TF01731 | 26/06/2024 | 26/06/2024 | Book |
